[Event "St-Chély d'Aubrac op"]
[Site "Saint-Chély d'Aubrac (12)"]
[Date "2008.07.14"]
[Round "2.26"]
[White "Schneider, Alec"]
[Black "Saucey, Milena"]
[Result "1-0"]
[WhiteElo "1199"]
[BlackElo "1580"]
[PlyCount "101"]
[EventDate "2008.07.??"]
[EventType "swiss"]
[EventRounds "9"]
[EventCountry "FRA"]

1. e4 e5 2. Nf3 Nc6 3. Bc4 Nf6 4. d3 d5 5. exd5 Nxd5 6. O-O Bg4 7. Be3 Nb6 8.
Bxb6 axb6 9. c3 Bd6 10. Nbd2 O-O 11. Qc2 Bxf3 12. Nxf3 Qf6 13. Nd2 Kh8 14. Ne4
Qh6 15. Nxd6 cxd6 16. Qb3 Na5 17. Qxb6 Nxc4 18. dxc4 Qe6 19. b3 Rfb8 20. Rfd1
Ra6 21. Qc7 Rba8 22. Qxb7 Qe8 23. Qd5 Qe6 24. Qxe6 fxe6 25. Rd2 Kg8 26. f3 Kf7
27. Kf2 Ke7 28. Ke3 Kf6 29. Rb2 d5 30. c5 Rc8 31. b4 Ra4 32. Kd3 Ke7 33. Re2
Kf6 34. a3 Rc6 35. c4 d4 36. Re4 g5 37. h4 h6 38. hxg5+ hxg5 39. g3 Kf5 40.
Ree1 Rc7 41. Re2 Rca7 42. Rb2 Rc7 43. b5 Rxc5 44. Rb4 Ra7 45. a4 Ra5 46. b6 Rc8
47. Rb5 Ra6 48. a5 Kf6 49. c5 Rb8 50. c6 Ke7 51. c7 1-0

[Event "St-Chély d'Aubrac op"]
[Site "Saint-Chély d'Aubrac (12)"]
[Date "2008.07.14"]
[Round "2.27"]
[White "Stepenko, Roman"]
[Black "Colombo, Maceo"]
[Result "1-0"]
[WhiteElo "1580"]
[BlackElo "1099"]
[PlyCount "37"]
[EventDate "2008.07.??"]
[EventType "swiss"]
[EventRounds "9"]
[EventCountry "FRA"]

1. e4 e5 2. Nf3 Nc6 3. Bc4 d5 4. Bxd5 Be6 5. Bxe6 fxe6 6. O-O Bc5 7. Nc3 Qe7 8.
Na4 Bb6 9. Nxb6 axb6 10. d3 Nb4 11. Nxe5 Nxa2 12. Be3 Qd8 13. c3 Nxc3 14. bxc3
Rxa1 15. Qxa1 Qd6 16. d4 c5 17. Qa8+ Ke7 18. Qxb7+ Kf8 19. Qf7# 1-0

[Event "St-Chély d'Aubrac op"]
[Site "Saint-Chély d'Aubrac (12)"]
[Date "2008.07.14"]
[Round "2.28"]
[White "Muheim, Jane"]
[Black "Desboeufs, Claude"]
[Result "0-1"]
[WhiteElo "1190"]
[BlackElo "1564"]
[PlyCount "46"]
[EventDate "2008.07.??"]
[EventType "swiss"]
[EventRounds "9"]
[EventCountry "FRA"]

1. d4 Nf6 2. c4 d6 3. Nf3 g6 4. e3 Bg7 5. Bd3 O-O 6. O-O Nc6 7. Nbd2 Nd7 8. b3
e5 9. Bb2 f5 10. e4 f4 11. d5 Ne7 12. Ng5 Nf6 13. Ndf3 h6 14. Nh3 g5 15. Nhxg5
hxg5 16. Nxg5 Qe8 17. Be2 Qg6 18. Nf3 Bh3 19. Ng5 Qxg5 20. Bf3 Bg4 21. h3 Bxh3
22. Kh2 Bg4 23. Rg1 Qh4# 0-1

[Event "St-Chély d'Aubrac op"]
[Site "Saint-Chély d'Aubrac (12)"]
[Date "2008.07.14"]
[Round "3.1"]
[White "Sokolov, Andrei"]
[Black "Netzer, Jacques"]
[Result "1-0"]
[WhiteElo "2561"]
[BlackElo "2116"]
[PlyCount "87"]
[EventDate "2008.07.??"]
[EventType "swiss"]
[EventRounds "9"]
[EventCountry "FRA"]

1. e4 e5 2. Nf3 Nc6 3. Bb5 a6 4. Ba4 Nf6 5. O-O Be7 6. Re1 b5 7. Bb3 O-O 8. h3
d6 9. c3 Na5 10. Bc2 c5 11. d4 Qc7 12. Nbd2 Nc6 13. d5 Nd8 14. Nf1 Ne8 15. N3h2
f6 16. f4 exf4 17. Bxf4 Nf7 18. Ne3 g6 19. a4 Rb8 20. axb5 axb5 21. Bd3 Ng7 22.
Be2 Ne5 23. Rf1 Bd7 24. Nhg4 h5 25. Nf2 Rf7 26. Ra6 Rff8 27. Qa1 Rb7 28. Qa2
Rfb8 29. Ra1 b4 30. c4 Ne8 31. Qb3 Rb6 32. R6a5 Qc8 33. Nf1 Nc7 34. Nd2 Ra8 35.
Rxa8 Nxa8 36. Qg3 Kf7 37. Nd3 Qh8 38. Ra7 Qb8 39. Ra1 Qh8 40. Nf3 Nc7 41.
Nfxe5+ dxe5 42. Nxe5+ fxe5 43. Bxe5 Qd8 44. Bxc7 1-0

[Event "St-Chély d'Aubrac op"]
[Site "Saint-Chély d'Aubrac (12)"]
[Date "2008.07.14"]
[Round "3.2"]
[White "Nass, Emile"]
[Black "Degraeve, Jean-Marc"]
[Result "0-1"]
[WhiteElo "2105"]
[BlackElo "2523"]
[PlyCount "88"]
[EventDate "2008.07.??"]
[EventType "swiss"]
[EventRounds "9"]
[EventCountry "FRA"]

1. d4 g6 2. Nf3 Bg7 3. g3 c5 4. dxc5 Qa5+ 5. Bd2 Qxc5 6. Bc3 Nf6 7. Bg2 Nc6 8.
O-O O-O 9. Nbd2 d5 10. Nb3 Qd6 11. Nbd4 Bg4 12. Nxc6 bxc6 13. Be5 Qe6 14. Bd4
a5 15. h3 Bxf3 16. exf3 Nd7 17. f4 Qd6 18. c4 e6 19. h4 Bxd4 20. Qxd4 Rab8 21.
cxd5 cxd5 22. h5 Qb4 23. Qxb4 Rxb4 24. b3 a4 25. bxa4 Rxa4 26. Rfc1 Rfa8 27.
Rc7 Nf6 28. hxg6 hxg6 29. Rc2 Ra3 30. Rb2 R8a7 31. Rc2 Kg7 32. Rd2 Ne8 33. Re2
Nd6 34. Kh2 Nb5 35. g4 R7a4 36. Re3 Rxf4 37. Rxa3 Nxa3 38. Kg3 Ra4 39. Rc1 Nc4
40. Rc2 g5 41. Bf1 Ne5 42. Be2 Ra3+ 43. Kh2 d4 44. Rd2 d3 0-1

[Event "St-Chély d'Aubrac op"]
[Site "Saint-Chély d'Aubrac (12)"]
[Date "2008.07.14"]
[Round "3.3"]
[White "Riff, Jean-Noel"]
[Black "Lagunes, Jean-Renaud"]
[Result "1-0"]
[WhiteElo "2481"]
[BlackElo "2047"]
[PlyCount "91"]
[EventDate "2008.07.??"]
[EventType "swiss"]
[EventRounds "9"]
[EventCountry "FRA"]

1. e4 d6 2. d4 Nf6 3. Nc3 g6 4. Be3 c6 5. Qd2 Qc7 6. Nf3 Bg4 7. Nh4 a5 8. h3
Bd7 9. Nf3 e5 10. Rd1 b5 11. Bd3 b4 12. Ne2 c5 13. dxe5 dxe5 14. Bc4 h6 15. Ng3
Nc6 16. c3 Rd8 17. Qc2 Be7 18. O-O Kf8 19. Rd2 Kg7 20. Rfd1 Bc8 21. Bd5 Nb8 22.
cxb4 axb4 23. Bb3 Ba6 24. Rxd8 Rxd8 25. Rxd8 Qxd8 26. Nxe5 Qc7 27. Nc4 Nc6 28.
Ne2 Ne5 29. f4 Nxc4 30. Bxc4 Bb7 31. Ng3 Qc6 32. Bd3 h5 33. e5 Nd5 34. Bc1 h4
35. Ne4 Nb6 36. b3 Qd7 37. Bb2 Qc6 38. Qf2 c4 39. bxc4 Nxc4 40. Bd4 Qd5 41. Nd6
Bxd6 42. exd6+ f6 43. Bxc4 Qxc4 44. d7 Qd5 45. Bxf6+ Kxf6 46. d8=Q+ 1-0

[Event "St-Chély d'Aubrac op"]
[Site "Saint-Chély d'Aubrac (12)"]
[Date "2008.07.14"]
[Round "3.4"]
[White "Desboeufs, Alexandre"]
[Black "Karpatchev, Aleksandr"]
[Result "0-1"]
[WhiteElo "2026"]
[BlackElo "2460"]
[PlyCount "46"]
[EventDate "2008.07.??"]
[EventType "swiss"]
[EventRounds "9"]
[EventCountry "FRA"]

1. e4 e5 2. Bc4 Nf6 3. d3 c6 4. Bg5 d5 5. Bxf6 gxf6 6. exd5 cxd5 7. Bb3 Nc6 8.
Nf3 Rg8 9. Rg1 a5 10. c3 Be6 11. Nbd2 Qb6 12. Qc2 Bc5 13. d4 exd4 14. cxd4 Bxd4
15. Nxd4 Qxd4 16. Qxh7 O-O-O 17. O-O-O Nb4 18. Nf3 Qf4+ 19. Rd2 Bf5 20. Qxf7
Nd3+ 21. Kd1 Qxf3+ 22. Re2 Nxb2+ 23. Ke1 Qc3+ 0-1

[Event "St-Chély d'Aubrac op"]
[Site "Saint-Chély d'Aubrac (12)"]
[Date "2008.07.14"]
[Round "3.5"]
[White "Lagunes, Robin"]
[Black "Muller, Anne"]
[Result "0-1"]
[WhiteElo "1825"]
[BlackElo "2179"]
[PlyCount "80"]
[EventDate "2008.07.??"]
[EventType "swiss"]
[EventRounds "9"]
[EventCountry "FRA"]

1. e4 c5 2. Nf3 d6 3. d4 cxd4 4. Nxd4 Nf6 5. Nc3 e6 6. Bc4 Nc6 7. O-O Be7 8.
Be3 a6 9. Nxc6 bxc6 10. f3 O-O 11. Qe2 d5 12. Rad1 Qc7 13. Bd3 c5 14. exd5 exd5
15. Bf4 Qa7 16. Qf2 Be6 17. Kh1 Qb7 18. b3 Rad8 19. Na4 Rc8 20. Nb2 c4 21. Be2
Bf5 22. Be5 Bxc2 23. Rc1 cxb3 24. axb3 Bxb3 25. Bd3 a5 26. Qh4 Qb4 27. Qh3 Rxc1
28. Rxc1 Qd2 29. Ra1 h6 30. g4 a4 31. g5 Qxg5 32. Rg1 Qxe5 33. Qxh6 Ne4 34.
fxe4 dxe4 35. Nc4 Bxc4 36. Bxc4 Rd8 37. Qg6 Rf8 38. Rf1 Bf6 39. Rf5 Qa1+ 40.
Rf1 Qxf1+ 0-1

[Event "St-Chély d'Aubrac op"]
[Site "Saint-Chély d'Aubrac (12)"]
[Date "2008.07.14"]
[Round "3.6"]
[White "Furrer, Marc"]
[Black "Roignot, Pierre"]
[Result "0-1"]
[WhiteElo "2121"]
[BlackElo "2029"]
[PlyCount "182"]
[EventDate "2008.07.??"]
[EventType "swiss"]
[EventRounds "9"]
[EventCountry "FRA"]

1. e4 d5 2. exd5 Nf6 3. Bb5+ Bd7 4. Be2 Nxd5 5. d4 Bf5 6. Nf3 e6 7. O-O Be7 8.
a3 O-O 9. c4 Nb6 10. Be3 N8d7 11. Nc3 h6 12. b4 Nf6 13. Qb3 Nbd7 14. Rad1 Qc8
15. h3 Ne4 16. Nxe4 Bxe4 17. Nd2 Bg6 18. f4 Nf6 19. Bf3 Rd8 20. g4 a6 21. a4 c6
22. Rc1 Qb8 23. Bg2 Qd6 24. f5 exf5 25. gxf5 Bh5 26. Rb1 Re8 27. c5 Qd7 28. Nc4
Bd8 29. Ne5 Qe7 30. b5 axb5 31. axb5 Be2 32. bxc6 Bxf1 33. cxb7 Bxg2 34. Kxg2
Rb8 35. c6 Bc7 36. Bf4 Nh5 37. Bh2 Qg5+ 38. Kh1 Qxf5 39. Qxf7+ Qxf7 40. Nxf7
Ng3+ 41. Bxg3 Bxg3 42. Ne5 Bxe5 43. dxe5 Re7 44. Ra1 Rbxb7 45. cxb7 Rxb7 46.
Kg2 Kf7 47. Kg3 Ke6 48. Ra5 Kf5 49. Kh4 Rb3 50. e6+ Kxe6 51. Ra6+ Kf5 52. Ra5+
Kg6 53. Ra6+ Kh7 54. Ra7 Rf3 55. Kg4 Rf1 56. h4 Rg1+ 57. Kh5 Rb1 58. Kg4 Rb4+
59. Kh5 Rb5+ 60. Kg4 h5+ 61. Kf4 Kh6 62. Ra6+ g6 63. Ra4 Rb3 64. Re4 Rh3 65.
Ke5 Rf3 66. Rf4 Ra3 67. Ke4 Rg3 68. Ke5 Kg7 69. Ke4 Ra3 70. Ke5 g5 71. hxg5 Kg6
72. Rf8 Kxg5 73. Rg8+ Kh4 74. Kf4 Kh3 75. Rh8 h4 76. Rh7 Ra8 77. Kf3 Rf8+ 78.
Ke2 Kg3 79. Rg7+ Kh2 80. Rh7 h3 81. Rh6 Kg2 82. Rg6+ Kh1 83. Rh6 h2 84. Rh7 Rg8
85. Kf1 Rf8+ 86. Ke2 Rf4 87. Ke3 Rf5 88. Ke2 Kg2 89. Rg7+ Kh3 90. Rh7+ Kg3 91.
Rg7+ Kh4 0-1

[Event "St-Chély d'Aubrac op"]
[Site "Saint-Chély d'Aubrac (12)"]
[Date "2008.07.14"]
[Round "3.7"]
[White "Mayet, Lucas"]
[Black "Huin, Eric"]
[Result "1/2-1/2"]
[WhiteElo "1695"]
[BlackElo "1956"]
[PlyCount "44"]
[EventDate "2008.07.??"]
[EventType "swiss"]
[EventRounds "9"]
[EventCountry "FRA"]

1. d4 Nf6 2. c4 g6 3. Nc3 Bg7 4. Nf3 d6 5. e4 O-O 6. Be2 e5 7. O-O Nc6 8. Be3
a6 9. a3 exd4 10. Nxd4 Nxd4 11. Bxd4 Be6 12. Qc2 Nd7 13. Bxg7 Kxg7 14. f4 f5
15. b3 Qf6 16. Rad1 Nc5 17. Bf3 fxe4 18. Bxe4 Nxe4 19. Nxe4 Bf5 20. Rde1 Qd4+
21. Qf2 Qxf2+ 22. Rxf2 Rae8 1/2-1/2

[Event "St-Chély d'Aubrac op"]
[Site "Saint-Chély d'Aubrac (12)"]
[Date "2008.07.14"]
[Round "3.9"]
[White "Muheim, Sebastien"]
[Black "De Biasi, Robert"]
[Result "1-0"]
[WhiteElo "2013"]
[BlackElo "1799"]
[PlyCount "93"]
[EventDate "2008.07.??"]
[EventType "swiss"]
[EventRounds "9"]
[EventCountry "FRA"]

1. d4 Nf6 2. c4 e6 3. Nc3 Bb4 4. a3 Bxc3+ 5. bxc3 O-O 6. f3 c5 7. e4 d6 8. Bd3
Nbd7 9. f4 cxd4 10. cxd4 e5 11. Be3 exd4 12. Bxd4 Nc5 13. Bxc5 dxc5 14. e5 Re8
15. Nf3 Qa5+ 16. Qd2 Qxd2+ 17. Kxd2 Ng4 18. Rhf1 Rd8 19. Ke2 g6 20. h3 Nh6 21.
g4 Kh8 22. Rad1 Bd7 23. Be4 Rab8 24. Rd6 Be6 25. Rfd1 Bxc4+ 26. Ke3 Re8 27. Rd7
Be6 28. Rxb7 Rxb7 29. Bxb7 Rb8 30. Be4 Rb3+ 31. Rd3 c4 32. Rxb3 cxb3 33. Kd2
Ng8 34. f5 gxf5 35. gxf5 Bd7 36. Ng5 Nh6 37. e6 fxe6 38. fxe6 Be8 39. Kc3 Kg7
40. Bxh7 Kf6 41. h4 Nf5 42. Bxf5 Kxf5 43. Kxb3 Kg4 44. Kc4 Kxh4 45. Nf7 Kh5 46.
Nd6 Bg6 47. e7 1-0

[Event "St-Chély d'Aubrac op"]
[Site "Saint-Chély d'Aubrac (12)"]
[Date "2008.07.14"]
[Round "3.10"]
[White "Saucey, Capucine"]
[Black "Baeumlin, Francois"]
[Result "0-1"]
[WhiteElo "1770"]
[BlackElo "1995"]
[PlyCount "54"]
[EventDate "2008.07.??"]
[EventType "swiss"]
[EventRounds "9"]
[EventCountry "FRA"]

1. e4 c5 2. c3 d5 3. exd5 Qxd5 4. d4 Nf6 5. Nf3 Bg4 6. Be2 e6 7. O-O Nc6 8. Be3
cxd4 9. cxd4 Be7 10. Nc3 Qd6 11. Nb5 Qd8 12. Bf4 Nd5 13. Bg3 O-O 14. Ne5 Bf5
15. Nxc6 bxc6 16. Nc3 Bf6 17. Be5 Bxe5 18. dxe5 Qa5 19. Qa4 Qb6 20. Qa3 Rab8
21. Na4 Qd4 22. Rfe1 Qxe5 23. Rac1 Qc7 24. Qc5 Rfc8 25. Ba6 Rd8 26. Qxc6 Qxc6
27. Rxc6 Nb4 0-1

[Event "St-Chély d'Aubrac op"]
[Site "Saint-Chély d'Aubrac (12)"]
[Date "2008.07.14"]
[Round "3.11"]
[White "Kiecken, Jean-Marc"]
[Black "Griggio, Julie"]
[Result "1-0"]
[WhiteElo "1978"]
[BlackElo "1760"]
[PlyCount "75"]
[EventDate "2008.07.??"]
[EventType "swiss"]
[EventRounds "9"]
[EventCountry "FRA"]

1. b4 e5 2. Bb2 Bxb4 3. Bxe5 Nf6 4. a3 d6 5. Bb2 Ba5 6. e3 Be6 7. c4 Nbd7 8.
Nf3 Nb6 9. Be2 Nxc4 10. Bxc4 Bxc4 11. Qa4+ b5 12. Qxa5 Ne4 13. d4 O-O 14. Nbd2
Nxd2 15. Nxd2 Bd3 16. Qc3 Bf5 17. O-O Qg5 18. Nf3 Qe7 19. d5 f6 20. Qd4 g5 21.
Rac1 h6 22. Rfe1 a5 23. e4 Bg6 24. h3 h5 25. Nxg5 Rac8 26. Ne6 Rf7 27. Re3 h4
28. Rf3 b4 29. axb4 axb4 30. Rf4 b3 31. Rg4 Kh7 32. Rxh4+ Kg8 33. Rc3 Rh7 34.
Rxh7 Kxh7 35. Rxb3 c5 36. Qe3 c4 37. Ra3 Bh5 38. Ra7 1-0

[Event "St-Chély d'Aubrac op"]
[Site "Saint-Chély d'Aubrac (12)"]
[Date "2008.07.14"]
[Round "3.12"]
[White "Mourgues, Joelle"]
[Black "Guillaumat, Jean-Pierre"]
[Result "1/2-1/2"]
[WhiteElo "1767"]
[BlackElo "1969"]
[PlyCount "78"]
[EventDate "2008.07.??"]
[EventType "swiss"]
[EventRounds "9"]
[EventCountry "FRA"]

1. Nf3 c5 2. g3 d5 3. d3 Nc6 4. Bg2 Nf6 5. Nbd2 g6 6. c3 Bg7 7. O-O O-O 8. e4
d4 9. c4 Qc7 10. a3 a5 11. Nb3 Nd7 12. Bf4 e5 13. Bd2 a4 14. Nc1 h6 15. Nh4 Nf6
16. f4 Bg4 17. Nf3 Qc8 18. Qe1 Bxf3 19. Rxf3 exf4 20. gxf4 Nh5 21. Ne2 Qd8 22.
Ng3 Nf6 23. h3 Nh7 24. e5 f5 25. exf6 Nxf6 26. Qe6+ Kh7 27. Ne4 Re8 28. Nxf6+
Qxf6 29. Qxf6 Bxf6 30. Rff1 Re2 31. Rad1 Rae8 32. Be4 Kg7 33. Rf2 Rxf2 34. Kxf2
Bh4+ 35. Kf3 Kf6 36. Rg1 g5 37. b3 axb3 38. Rb1 gxf4 39. Bxf4 Bg5 1/2-1/2

[Event "St-Chély d'Aubrac op"]
[Site "Saint-Chély d'Aubrac (12)"]
[Date "2008.07.14"]
[Round "3.13"]
[White "Carno, Matthias"]
[Black "Manser, Lucas"]
[Result "1/2-1/2"]
[WhiteElo "1956"]
[BlackElo "1740"]
[PlyCount "104"]
[EventDate "2008.07.??"]
[EventType "swiss"]
[EventRounds "9"]
[EventCountry "FRA"]

1. e4 c5 2. Nf3 Nc6 3. d4 cxd4 4. Nxd4 g6 5. Nc3 Bg7 6. Be3 Nf6 7. Bc4 O-O 8.
Qd2 Ng4 9. Nxc6 bxc6 10. Bg5 Ne5 11. Bb3 d6 12. f4 Nd7 13. Na4 Ba6 14. g4 c5
15. Nc3 Nb6 16. Nd5 Nxd5 17. Bxd5 Rb8 18. c3 Bb7 19. O-O-O Qd7 20. e5 Bxd5 21.
Qxd5 Qb7 22. Qxb7 Rxb7 23. exd6 exd6 24. Rxd6 Rfb8 25. Rd8+ Rxd8 26. Bxd8 Rd7
27. Rd1 Rb7 28. Rd5 Rb8 29. Bc7 Rc8 30. Rd8+ Rxd8 31. Bxd8 Bf8 32. c4 Bd6 33.
Kc2 Bxf4 34. h3 f5 35. Be7 Be3 36. Kd3 Bg1 37. a3 Kf7 38. Bd6 Ke6 39. Bf4 fxg4
40. hxg4 h5 41. gxh5 gxh5 42. Ke4 h4 43. Kf3 h3 44. Kg3 h2 45. Kg2 Kf5 46. Bb8
a6 47. b4 cxb4 48. axb4 Ke6 49. Bxh2 Bxh2 50. Kxh2 Ke5 51. Kg2 Kd4 52. c5 Kd5
1/2-1/2

[Event "St-Chély d'Aubrac op"]
[Site "Saint-Chély d'Aubrac (12)"]
[Date "2008.07.14"]
[Round "3.14"]
[White "Moulie, Patrick"]
[Black "Messinger, Karl"]
[Result "0-1"]
[WhiteElo "1930"]
[BlackElo "1703"]
[PlyCount "76"]
[EventDate "2008.07.??"]
[EventType "swiss"]
[EventRounds "9"]
[EventCountry "FRA"]

1. e4 c5 2. Nc3 Nc6 3. f4 e6 4. Nf3 a6 5. a4 Nf6 6. d3 d5 7. e5 Nd7 8. g3 Be7
9. Bg2 O-O 10. O-O b6 11. Bd2 Bb7 12. Ne2 f6 13. exf6 Bxf6 14. c3 Qe7 15. Qc2
b5 16. axb5 axb5 17. Rae1 Qd6 18. Ng5 Bxg5 19. fxg5 Rxf1+ 20. Rxf1 Rf8 21. Nf4
d4 22. Re1 e5 23. Qb3+ Kh8 24. Ne6 Re8 25. Bd5 Nd8 26. Bxb7 Nxb7 27. Nf4 Qc6
28. Qd5 Qxd5 29. Nxd5 Nd6 30. cxd4 exd4 31. Nc7 Rxe1+ 32. Bxe1 Ne5 33. h4 Nxd3
34. Bd2 Nc4 35. Bf4 Nxf4 36. gxf4 Nxb2 37. Ne6 d3 38. Kf2 d2 0-1

[Event "St-Chély d'Aubrac op"]
[Site "Saint-Chély d'Aubrac (12)"]
[Date "2008.07.14"]
[Round "3.15"]
[White "Barillet, Lucien"]
[Black "Boulier, Rene"]
[Result "0-1"]
[WhiteElo "1750"]
[BlackElo "1924"]
[PlyCount "56"]
[EventDate "2008.07.??"]
[EventType "swiss"]
[EventRounds "9"]
[EventCountry "FRA"]

1. c4 Nf6 2. Nc3 g6 3. d4 c5 4. d5 d6 5. e4 Bg7 6. Nf3 Bg4 7. Be2 Nbd7 8. h3
Bxf3 9. Bxf3 a6 10. a4 O-O 11. Be2 Qc7 12. O-O Ne8 13. g4 e6 14. g5 Bd4 15. Kh1
Bxc3 16. bxc3 e5 17. h4 Ng7 18. h5 f5 19. h6 Nh5 20. exf5 Rxf5 21. Bxh5 gxh5
22. Qxh5 Nf8 23. f4 Ng6 24. Qg4 Raf8 25. Be3 Qf7 26. Kg1 exf4 27. Bd2 Ne5 28.
Qe2 Rxg5+ 0-1

[Event "St-Chély d'Aubrac op"]
[Site "Saint-Chély d'Aubrac (12)"]
[Date "2008.07.14"]
[Round "3.16"]
[White "Rabier, Jean"]
[Black "Cuq, Christian"]
[Result "1-0"]
[WhiteElo "1914"]
[BlackElo "1680"]
[PlyCount "41"]
[EventDate "2008.07.??"]
[EventType "swiss"]
[EventRounds "9"]
[EventCountry "FRA"]

1. e4 d5 2. d4 dxe4 3. Nc3 Nf6 4. f3 e6 5. fxe4 Bb4 6. Bd3 c6 7. Nf3 Nbd7 8.
O-O h6 9. Ne2 Nb6 10. c3 Be7 11. Bc2 Bd7 12. Qd3 a6 13. c4 Rc8 14. Ng3 Na8 15.
e5 Nh7 16. Nh5 Bf8 17. Nf4 b5 18. b3 Nb6 19. Ng6 Rg8 20. Ne7 bxc4 21. Qxh7 1-0

[Event "St-Chély d'Aubrac op"]
[Site "Saint-Chély d'Aubrac (12)"]
[Date "2008.07.14"]
[Round "3.17"]
[White "Martinez, Loic"]
[Black "Joli, Laurent"]
[Result "0-1"]
[WhiteElo "1737"]
[BlackElo "1911"]
[PlyCount "84"]
[EventDate "2008.07.??"]
[EventType "swiss"]
[EventRounds "9"]
[EventCountry "FRA"]

1. e4 e6 2. b3 d5 3. exd5 exd5 4. Bb2 f6 5. Bd3 Be6 6. Qe2 Kf7 7. Qh5+ Ke7 8.
Ba3+ Kd7 9. Bf5 Bxa3 10. Qf7+ Be7 11. Bxe6+ Kd6 12. Bxd5 c6 13. Qxg7 Nh6 14.
Qxh6 cxd5 15. Qf4+ Kc6 16. Nf3 Bd6 17. Nd4+ Kb6 18. Qh4 Re8+ 19. Ne2 Nc6 20.
Nbc3 Be5 21. O-O-O d4 22. Na4+ Kc7 23. Qxh7+ Re7 24. Qd3 a6 25. f4 Bd6 26. Kb1
b5 27. Nb2 Nb4 28. Qf3 Bc5 29. Nd3 Kb6 30. Nxb4 Bxb4 31. c3 Bc5 32. b4 Bd6 33.
Nxd4 Rc8 34. Nf5 Rec7 35. Nxd6 Qxd6 36. Qf2+ Kb7 37. Qf3+ Kb8 38. h4 a5 39.
bxa5 Qa3 40. Qd5 b4 41. Qb3 Qxa5 42. Qxb4+ Rb7 0-1

[Event "St-Chély d'Aubrac op"]
[Site "Saint-Chély d'Aubrac (12)"]
[Date "2008.07.14"]
[Round "3.18"]
[White "Labarthe, Arnaud"]
[Black "Stepenko, Roman"]
[Result "0-1"]
[WhiteElo "1899"]
[BlackElo "1580"]
[PlyCount "100"]
[EventDate "2008.07.??"]
[EventType "swiss"]
[EventRounds "9"]
[EventCountry "FRA"]

1. d4 Nf6 2. c4 g6 3. Nc3 d5 4. Bg5 Nbd7 5. cxd5 Bg7 6. e4 Nb6 7. Bb5+ Bd7 8.
Bxd7+ Qxd7 9. Nf3 O-O 10. O-O Rfe8 11. Qb3 e6 12. Ne5 Qc8 13. Rac1 exd5 14.
exd5 Rf8 15. Bxf6 Bxf6 16. Nb5 Qd8 17. Nc3 a6 18. Rcd1 Rb8 19. f4 Bg7 20. Rd3
Nd7 21. Rh3 Nf6 22. g4 Qc8 23. f5 g5 24. Qd1 Re8 25. Qf3 c5 26. dxc6 bxc6 27.
Ne4 Nxe4 28. Qxe4 f6 29. Qxc6 fxe5 30. Qd5+ Kh8 31. f6 Bf8 32. Qe4 h6 33. f7
Re6 34. Rc3 Qd7 35. d5 Qa7+ 36. Kh1 Qa8 37. Rc6 Rxc6 38. dxc6 Bg7 39. b3 Rc8
40. Rc1 Qa7 41. Qf5 Qc7 42. Qe6 Rf8 43. Qc4 Rxf7 44. Qxa6 Qd8 45. Qc4 Rf4 46.
Qa6 Qd5+ 47. Kg1 Qd4+ 48. Kh1 Qe4+ 49. Kg1 Qe3+ 50. Kg2 Rxg4+ 0-1

[Event "St-Chély d'Aubrac op"]
[Site "Saint-Chély d'Aubrac (12)"]
[Date "2008.07.14"]
[Round "3.19"]
[White "Desboeufs, Claude"]
[Black "Robert, Thierry"]
[Result "0-1"]
[WhiteElo "1564"]
[BlackElo "1862"]
[PlyCount "106"]
[EventDate "2008.07.??"]
[EventType "swiss"]
[EventRounds "9"]
[EventCountry "FRA"]

1. c4 Nf6 2. Nc3 e6 3. d4 d5 4. cxd5 Nxd5 5. Nf3 Nxc3 6. bxc3 Be7 7. g3 c6 8.
Bg2 Nd7 9. O-O Nf6 10. Ne5 O-O 11. e4 Re8 12. Nd3 Nd7 13. e5 f6 14. f4 f5 15.
g4 Nf8 16. g5 Rb8 17. Bf3 Qc7 18. Bh5 Rd8 19. Rf3 g6 20. Rh3 c5 21. Be3 cxd4
22. cxd4 Ba3 23. Qb3 Qe7 24. Bf3 b6 25. d5 exd5 26. Bxd5+ Be6 27. Bxe6+ Nxe6
28. Rb1 Rbc8 29. Nb4 Bxb4 30. Qxb4 Qxb4 31. Rxb4 Rc2 32. Rb1 Rxa2 33. Rf3 Rd3
34. Rbf1 Kf8 35. R1f2 Rxf2 36. Kxf2 Rb3 37. Bc1 Rxf3+ 38. Kxf3 Ke7 39. Ke3 Kd7
40. Kd3 b5 41. Be3 a5 42. Kc3 Kc6 43. Kb3 Kd5 44. h4 Ke4 45. Bc1 Kd3 46. Ka3
Kc4 47. Be3 b4+ 48. Ka4 b3 49. Bc1 Kc3 50. Ka3 Kc2 51. Bb2 Nxf4 52. Bd4 Ne6 53.
Bb2 f4 0-1

[Event "St-Chély d'Aubrac op"]
[Site "Saint-Chély d'Aubrac (12)"]
[Date "2008.07.14"]
[Round "3.20"]
[White "Tanguy, Fabien"]
[Black "Schneider, Alec"]
[Result "1-0"]
[WhiteElo "2062"]
[BlackElo "1199"]
[PlyCount "57"]
[EventDate "2008.07.??"]
[EventType "swiss"]
[EventRounds "9"]
[EventCountry "FRA"]

1. c4 e6 2. Nc3 Be7 3. d4 Nf6 4. e4 c5 5. e5 Ng8 6. Qg4 g6 7. Nf3 Nc6 8. d5
exd5 9. cxd5 Nb4 10. Qe4 f5 11. Qb1 b6 12. a3 Na6 13. d6 Bf8 14. Bg5 Be7 15.
dxe7 Nxe7 16. Nd5 Bb7 17. Nxe7 Bxf3 18. gxf3 Nc7 19. f4 Ne6 20. Nxf5 Nxg5 21.
Nd6+ Kf8 22. fxg5 Qxg5 23. Qe4 Ke7 24. h4 Qh6 25. e6 dxe6 26. Bc4 Kxd6 27. Rd1+
Kc7 28. Qe5+ Kc8 29. Ba6# 1-0

[Event "St-Chély d'Aubrac op"]
[Site "Saint-Chély d'Aubrac (12)"]
[Date "2008.07.14"]
[Round "3.21"]
[White "Paris, Yannick"]
[Black "Griggio, Jean-Paul"]
[Result "1/2-1/2"]
[WhiteElo "1793"]
[BlackElo "1798"]
[PlyCount "107"]
[EventDate "2008.07.??"]
[EventType "swiss"]
[EventRounds "9"]
[EventCountry "FRA"]

1. e4 Nf6 2. e5 Nd5 3. d4 d6 4. c4 Nb6 5. f4 dxe5 6. fxe5 Nc6 7. Be3 Bf5 8. Nc3
e6 9. Be2 Be7 10. Nf3 O-O 11. O-O f6 12. Rc1 Kh8 13. h3 fxe5 14. dxe5 Nd7 15.
Qa4 Bc5 16. Bxc5 Nxc5 17. Qb5 Qe7 18. b4 Nd7 19. Rfd1 Nb6 20. Qc5 Qf7 21. a3
Rad8 22. Qe3 h6 23. Rd2 Rxd2 24. Qxd2 Qg6 25. Kh2 Qf7 26. Rf1 Qe7 27. Qe1 Nd7
28. Qg3 Bh7 29. Re1 a6 30. Bf1 Nb6 31. Nd1 Rd8 32. Nf2 Nd4 33. Nh4 Qf7 34. Rd1
Rd7 35. Qe3 Nf5 36. Rxd7 Qxd7 37. Nxf5 Bxf5 38. g4 Bg6 39. c5 Nd5 40. Qd4 Qf7
41. Kg3 Qe7 42. Bg2 c6 43. h4 Bb1 44. Nh3 Qf7 45. Nf4 Nxf4 46. Qxf4 Kg8 47.
Qxf7+ Kxf7 48. Kf4 Ba2 49. Be4 Bd5 50. Bd3 Bb3 51. h5 Bd1 52. Bg6+ Ke7 53. Be4
Kf7 54. Bg6+ 1/2-1/2

[Event "St-Chély d'Aubrac op"]
[Site "Saint-Chély d'Aubrac (12)"]
[Date "2008.07.14"]
[Round "3.22"]
[White "Veys, Vincent"]
[Black "Roignot, Vincent"]
[Result "1-0"]
[WhiteElo "1530"]
[BlackElo "1540"]
[PlyCount "57"]
[EventDate "2008.07.??"]
[EventType "swiss"]
[EventRounds "9"]
[EventCountry "FRA"]

1. e4 e5 2. Nf3 Nc6 3. Bb5 d6 4. O-O Nf6 5. Re1 a6 6. Ba4 Bd7 7. h3 g6 8. c3 b5
9. Bb3 Bg7 10. d4 Qe7 11. Bc2 O-O 12. Bg5 h6 13. Bd2 Nh7 14. Be3 Na5 15. Qc1
Nc4 16. Bxh6 Bxh6 17. Qxh6 Nxb2 18. Bb3 Nd3 19. Re3 Nf4 20. Nbd2 Be6 21. dxe5
dxe5 22. Nxe5 Nxh3+ 23. gxh3 Bxb3 24. Nxg6 fxg6 25. Qxg6+ Qg7 26. Qxg7+ Kxg7
27. Nxb3 Rf4 28. Nc5 a5 29. Ne6+ 1-0

[Event "St-Chély d'Aubrac op"]
[Site "Saint-Chély d'Aubrac (12)"]
[Date "2008.07.14"]
[Round "3.23"]
[White "Saucey, Milena"]
[Black "Marie, Olivier"]
[Result "0-1"]
[WhiteElo "1580"]
[BlackElo "1520"]
[PlyCount "44"]
[EventDate "2008.07.??"]
[EventType "swiss"]
[EventRounds "9"]
[EventCountry "FRA"]

1. e4 d6 2. d4 g6 3. Nc3 Bg7 4. Nf3 Nf6 5. Bg5 O-O 6. Qd2 Re8 7. O-O-O a6 8. h4
b5 9. a3 Bb7 10. Bxf6 exf6 11. Bd3 c5 12. dxc5 dxc5 13. Na2 Nc6 14. h5 c4 15.
Be2 Rxe4 16. Qxd8+ Rxd8 17. hxg6 Rxe2 18. gxh7+ Kh8 19. Rxd8+ Nxd8 20. Rd1 Ne6
21. Rf1 Bxf3 22. gxf3 f5 0-1